书目信息 |
| 题名: |
水环境化学
|
|
| 作者: | 吴吉春 , 张景飞 主编 | |
| 分册: | ||
| 出版信息: | 北京 中国水利水电出版社 2009.02 |
|
| 页数: | 259页 | |
| 开本: | 25cm | |
| 丛书名: | 高等学校水利学科专业规范核心课程教材 | |
| 单 册: | ||
| 中图分类: | X143 | |
| 科图分类: | ||
| 主题词: | 水环境--shui huan jing--环境化学--高等学校--教材 | |
| 电子资源: | ||
| ISBN: | 978-7-5084-6109-0 | |
| 000 | 01245nam 2200265 450 | |
| 001 | 012009902084 | |
| 005 | 20091016142538.13 | |
| 010 | @a978-7-5084-6109-0@dCNY30.00 | |
| 100 | @a20091016d2009 em y0chiy0120 ea | |
| 101 | 0 | @achi |
| 102 | @aCN@b110000 | |
| 105 | @aa z 000yy | |
| 106 | @ar | |
| 200 | 1 | @a水环境化学@Ashui huan jing hua xue@f吴吉春, 张景飞主编@Fwu ji chun,zhang jing fei zhu bian |
| 210 | @a北京@c中国水利水电出版社@d2009.02 | |
| 215 | @a259页@c图@d25cm | |
| 225 | 2 | @a高等学校水利学科专业规范核心课程教材@Agao deng xue xiao shui li xue ke zhuan ye gui fan he xin ke cheng jiao cai@i水文与水资源工程 |
| 330 | @a本书涵盖了地球上的水资源、天然水的组成与性质、天然水的污染及其主要污染物、天然水中的化学平衡、水环境中的界面过程等基本内容,比较全面地介绍了水环境化学的主要理论知识,并突出了其与地学、生物学相结合的多学科交叉特色。 | |
| 410 | 0 | @12001 @a高等学校水利学科专业规范核心课程教材@Agao deng xue xiao shui li xue ke zhuan ye gui fan he xin ke cheng jiao cai@i水文与水资源工程 |
| 606 | 0 | @a水环境@Ashui huan jing@x环境化学@x高等学校@j教材 |
| 690 | @aX143@v4 | |
| 701 | 0 | @a吴吉春@Awu ji chun@4主编 |
| 701 | 0 | @a张景飞@Azhang jing fei@4主编 |
| 801 | 0 | @aCN@bQSSK@c20091016 |
| 905 | @b763968-70@dX143@eW800@f3 | |
| 水环境化学/吴吉春, 张景飞主编.-北京:中国水利水电出版社,2009.02 |
| 259页:图;25cm.-(高等学校水利学科专业规范核心课程教材.水文与水资源工程) |
| ISBN 978-7-5084-6109-0:CNY30.00 |
| 本书涵盖了地球上的水资源、天然水的组成与性质、天然水的污染及其主要污染物、天然水中的化学平衡、水环境中的界面过程等基本内容,比较全面地介绍了水环境化学的主要理论知识,并突出了其与地学、生物学相结合的多学科交叉特色。 |
| ● |
| 相关链接 |
|
|
|
正题名:水环境化学
索取号:X143/W800
 
预约/预借
| 序号 | 登录号 | 条形码 | 馆藏地/架位号 | 状态 | 备注 |
| 1 | 763968 | 207639689 | 自科库501/501自科库 62排5列3层/ [索取号:X143/W800] | 在馆 | |
| 2 | 763969 | 207639698 | 期刊室512/501自科库 62排5列3层/ [索取号:X143/W800] | 在馆 | |
| 3 | 763970 | 207639705 | 自科库501/501自科库 62排5列3层/ [索取号:X143/W800] | 在馆 |